AutoCAD methods and macros

Bibliographic Details
Main Authors: Guenther, Jeff (Author), Ocoboc, Ed (Author)
Format: Book
Published: Blue Ridge Summit, Pa. Tab Professional and Reference Books c1991
Edition:2nd ed
Subjects:

MARC

LEADER 00000cam a2200000 7i4500
001 0000003955
008 021118s1991
020 |a 0830635440 
090 0 0 |a T385  |b .G84 1990 
100 0 |a Guenther, Jeff  |e author 
245 1 0 |a AutoCAD methods and macros  |c Jeff Guenther and Ed Ocoboc 
250 |a 2nd ed 
260 2 |a Blue Ridge Summit, Pa.  |b Tab Professional and Reference Books  |c c1991 
300 |a xix, 474 p.  |c 24 cm 
630 0 0 |a AutoCAD (Computer file) 
700 1 |a Ocoboc, Ed.  |e author 
999 |a 1000032957  |b Book  |c OPEN SHELF (30 DAYS)  |e Gong Badak Campus